|
|
|
|
| LEADER |
02091nam a22004811i 4500 |
| 001 |
EBC881431 |
| 003 |
MiAaPQ |
| 005 |
20200520144314.0 |
| 006 |
m o d | |
| 007 |
cr cnu|||||||| |
| 008 |
120427t20122012dcua ob i000 0 eng d |
| 020 |
|
|
|z 0821394525
|
| 020 |
|
|
|z 9780821394526
|
| 020 |
|
|
|a 9780821394847
|q (electronic bk.)
|
| 035 |
|
|
|a (MiAaPQ)EBC881431
|
| 035 |
|
|
|a (Au-PeEL)EBL881431
|
| 035 |
|
|
|a (CaPaEBR)ebr10796137
|
| 035 |
|
|
|a (CaONFJC)MIL352013
|
| 035 |
|
|
|a (OCoLC)784885718
|
| 040 |
|
|
|a MiAaPQ
|b eng
|e rda
|e pn
|c MiAaPQ
|d MiAaPQ
|
| 050 |
|
4 |
|a JF1081
|b .P83 2012
|
| 082 |
0 |
|
|a 364.1323
|2 23
|
| 245 |
0 |
0 |
|a Public office, private interests :
|b accountability through income and asset disclosure.
|
| 264 |
|
1 |
|a Washington, DC :
|b World Bank,
|c [2012]
|
| 264 |
|
4 |
|c 2012
|
| 300 |
|
|
|a 1 online resource (172 pages) :
|b illustrations.
|
| 336 |
|
|
|a text
|2 rdacontent
|
| 337 |
|
|
|a computer
|2 rdamedia
|
| 338 |
|
|
|a online resource
|2 rdacarrier
|
| 490 |
1 |
|
|a Stolen asset recovery (StAR) series
|
| 500 |
|
|
|a "A companion volume to: Income and asset disclosure : case study illustrations."
|
| 500 |
|
|
|a "Stolen Asset Recovery Initiative."
|
| 504 |
|
|
|a Includes bibliographical references (pages 145-150).
|
| 588 |
|
|
|a Description based on print version record.
|
| 590 |
|
|
|a Electronic reproduction. Ann Arbor, MI : ProQuest, 2015. Available via World Wide Web. Access may be limited to ProQuest affiliated libraries.
|
| 650 |
|
0 |
|a Financial disclosure.
|
| 650 |
|
0 |
|a Political corruption
|x Economic aspects.
|
| 650 |
|
0 |
|a Political corruption
|x Prevention.
|
| 655 |
|
4 |
|a Electronic books.
|
| 776 |
0 |
8 |
|i Print version:
|t Public office, private interests : accountability through income and asset disclosure.
|d Washington, DC : World Bank : UNODC, 2012
|h xv, 150 pages : illustrations ; 26 cm.
|k Stolen asset recovery series
|z 9780821394526
|w (OCoLC)785407539
|w (DLC) 2011277020
|
| 797 |
2 |
|
|a ProQuest (Firm)
|
| 830 |
|
0 |
|a Stolen asset recovery series.
|
| 856 |
4 |
0 |
|u https://ebookcentral.proquest.com/lib/matrademy/detail.action?docID=881431
|z Click to View
|